000
00287nam a2200121Ia 4500
008
190216s9999||||xx |||||||||||||| ||und||
100
_a
Bhagwati Prasad
245
0
_a
Outline Of Income Tax Law
260
_b
Central Law Agenccy
_c
1979
300
_a
452p
650
_a
Commerce
942
_c
BK
999
_c
8312
_d
8312